000 01244nam0a2200325 i 4500
001 RU\NLR\BIBL_A\010672945
005 20260406020736.0
010 _a9785434602901
_920000
021 _aRU
_b2014-95423
_95798
035 _a(NILC)RuMoRGB-007857854
035 _a(NLR Aleph) 010672945
090 _a9614239
_c9614239
100 _a20150216d2014 um y0rusy50 ca
101 0 _arus
102 _aRU
105 _aa|||z|||000zy
200 1 _aШали и шарфы крючком
_f[сост.: Спиридонова Наталья]
210 _aНижний Новгород
_cСлог
_d2014
215 _a111 с.
_cил., цв. ил.
_d21
225 1 _aЯ люблю вязать
606 _aШарфы
_xВязание крючком
_92625475
_3RU\NLR\AUTH\661562035
606 _aШали
_xВязание крючком
_92625476
_3RU\NLR\AUTH\661562036
686 1 _aМ483
702 1 _4220
_8rus
_7ca
_aСпиридонова
_bН. В.
_cсоставитель книг по рукоделию
_gНаталья Владимировна
_3RU\NLR\AUTH\77122227
_9105152
801 0 _aRU
_bRuMoRKP
_c20111017
_gRCR
801 2 _aRU
_bРГБ
_c20150202
_grcr
942 _cBOOK
980 _aNBR